000 00300nam a22001337a 4500
082 _a894.812.3
_bBAI/P
100 _aBAIJU, M.A
245 _aPUTHIYA PUTHIYA PULARIKALUM ERUL MARANJA AKASAVUM
260 _aPEN BOOKS
_bALUVA
_c2003
300 _a96
520 _aNOVEL
650 _aNOVEL
942 _cBK
999 _c4800
_d4800